000 01440nam a2200301 i 4500
003 DO-SdBNP
005 20260605134255.0
007 ta
008 260605e2025 dr a|||jr|||||||| |bspa d
020 _a9789945246094.
040 _aDO-SdBNP
_bspa
_cBNPHU
_erda
041 _aspa
082 _bA629M 2025
_222
100 _aAntigua, Kianny N.,
_d1979-
_969975
_eautor
245 _a¡Mía y un mundo de amistades! /
_cKianny N. Antigua ; ilustrador: José Amado Polanco.
264 _aSanto Domingo, República Dominicana :
_bSantillana Infantil Juvenil,
_c2025.
300 _a68 páginas :
_bIlustraciones ;
_c20 cm.
336 _atexto
_btxt
_2rdacontent
337 _asin mediación
_bn
_2rdamedia
338 _avolumen
_bnc
_2rdacarrier
490 _aLoqueleo.
500 _aEn la página 68, incluye una pequeña biografía de la autora.
520 _aEn un día casi perfecto de primavera, mientras espera la vuelta de su mejor amigo Esteban, Mía emprende una divertida aventura con Guaguau. Juntos, se embarcan en el «juego del alfabeto», donde cada letra se convierte en una oportunidad para explorar y conocer a amigos de diferentes países. Desde la enérgica Ava de Australia hasta la soñadora Yamama de Yemen, cada personaje es una ventana a una cultura distinta.
590 _aInventariado, 2026/WG.
650 0 _aCuentos dominicanos
_9176
700 _aPolanco, José Amado
_923172
_eilustrador
942 _2ddc
_cLBS1
999 _c60855
_d60855